| 000 | 00412cam a22001454a 4500 | ||
|---|---|---|---|
| 020 | _a1401863450 (alk. paper) | ||
| 050 | 0 | 0 |
_aR728.8 _b.H84 2004 |
| 100 | 1 |
_aHumphrey, Doris, _d1943- |
|
| 245 | 1 | 0 |
_aContemporary medical office procedures / _cDoris D. Humphrey. |
| 250 | _a3rd ed. | ||
| 260 |
_aClifton Park, NY : _bDelmar Learning, _cc2004. |
||
| 300 | _axiv, 365 p. : | ||
| 650 | 0 | _xAutomation. | |
| 942 |
_2lcc _cGEN |
||
| 999 |
_c5452 _d5452 |
||